The Queen's courts / (Record no. 4494)
[ view plain ]
| 000 -LEADER | |
|---|---|
| fixed length control field | 00758cam a22002651 4500 |
| 001 - CONTROL NUMBER | |
| control field | 4494 |
| 003 - CONTROL NUMBER IDENTIFIER | |
| rucl marc code | BD-RjUL |
| 005 - DATE AND TIME OF LATEST TRANSACTION | |
| control field | 20211208233912.0 |
| 008 - FIXED-LENGTH DATA ELEMENTS--GENERAL INFORMATION | |
| fixed length control field | 131222s1963 enka b 000 0 eng |
| 035 ## - SYSTEM CONTROL NUMBER | |
| System control number | (BD-RjUL)4529 |
| System control number | (OCoLC)872715 |
| 040 ## - CATALOGING SOURCE | |
| Original cataloging agency | DLC |
| Transcribing agency | OClU |
| Modifying agency | Uk |
| -- | BD-RjUL |
| Language of cataloging | eng |
| 041 ## - LANGUAGE CODE | |
| Language code of text/sound track or separate title | eng |
| 082 04 - DEWEY DECIMAL CLASSIFICATION NUMBER | |
| Edition number | 18 |
| Classification number | 347.9 |
| Author mark and year | ARQ 1963 |
| 100 1# - MAIN ENTRY--PERSONAL NAME | |
| Personal name | Archer, Peter, |
| Dates associated with a name | 1926-2012. |
| 9 (RLIN) | 14206 |
| 245 14 - TITLE STATEMENT | |
| Title | The Queen's courts / |
| Statement of responsibility, etc. | Peter Archer. |
| 250 ## - EDITION STATEMENT | |
| Edition statement | 2nd ed. |
| 260 ## - PUBLICATION, DISTRIBUTION, ETC. (IMPRINT) | |
| Place of publication, distribution, etc. | Harmondsworth, Middlesex : |
| Name of publisher, distributor, etc. | Penguin Books, |
| Date of publication, distribution, etc. | c1963. |
| 300 ## - PHYSICAL DESCRIPTION | |
| Pagination | x, 292 p. : |
| Illustrations | Ill. ; |
| Size | 18 cm. |
| 490 0# - SERIES STATEMENT | |
| Series statement | Pelican books ; |
| Volume/sequential designation | A365 |
| 650 #0 - SUBJECT ADDED ENTRY--TOPICAL TERM | |
| Topical term or geographic name as entry element | Courts |
| Geographic subdivision | Great Britain. |
| 9 (RLIN) | 12030 |
| 830 ## - SERIES ADDED ENTRY--UNIFORM TITLE | |
| Uniform title | Pelican books ; |
| Volume number/sequential designation | A365 |
| 942 ## - ADDED ENTRY ELEMENTS (KOHA) | |
| Source of classification or shelving scheme | Dewey Decimal Classification |
| Koha item type | Books |
| Lost status | Source of classification or shelving scheme | Damaged status | Not for loan | Collection code | Permanent Location | Current Location | Shelving location | Date acquired | Source of acquisition | Cost, normal purchase price | Total Checkouts | Full call number | Date last seen | Copy number | Koha item type |
|---|---|---|---|---|---|---|---|---|---|---|---|---|---|---|---|
| Dewey Decimal Classification | Non-fiction | Central Library, University of Rajshahi | Central Library, University of Rajshahi | 12/09/1968 | Zeitlinger | 10.00 | 347.9 ARQ 1963 | 22/12/2013 | C-2 | Books | |||||
| Dewey Decimal Classification | Not For Loan | Non-fiction | Central Library, University of Rajshahi | Central Library, University of Rajshahi | Reading Room | 12/07/1968 | Zaitlinger | 10.00 | 347.9 ARQ 1963 | 01/08/2016 | C-1 | Books | |||
| Dewey Decimal Classification | Non-fiction | Central Library, University of Rajshahi | Central Library, University of Rajshahi | 12/07/1968 | Zaitlinger | 10.00 | 347.9 ARQ 1965 | 01/08/2016 | C-3 | Books |